Movies Quiz

Random Movies or Actor Quiz

Movie by Romantic Rivals Quiz Stats

Quiz Updated Jun 21, 2015

Challenge
Share
Tweet
Embed
Score 0/26 Timer 06:00
1 Play Today
Rival Movie % Correct
Tobey MaguireSpider-Man
88.9%
Lindsay LohanMean Girls
85.9%
Leonardo DiCaprioTitanic
83.5%
George ClooneyOcean's Eleven
64.4%
Jason SegelForgetting Sarah Marshall
63.1%
Robin WilliamsMrs. Doubtfire
62.2%
Colin FirthBridget Jones's Diary
61.1%
Orlando BloomPirates of the Caribbean: The Curse of the Black Pearl
59.5%
Amy AdamsAmerican Hustle
57.7%
Humphrey BogartCasablanca
55.6%
Ben StillerThere's Something About Mary
55.4%
Julia RobertsMy Best Friend's Wedding
53%
Owen WilsonWedding Crashers
52%
Rival Movie % Correct
Glenn CloseFatal Attraction
51.2%
Leonardo DiCaprioThe Departed
49%
Ben AffleckPearl Harbor
47.1%
Robert De NiroCasino
43%
Mike MyersShrek
38.9%
Meryl StreepDeath Becomes Her
28.5%
Jason SchwartzmanRushmore
27.9%
Tom HardyThis Means War
25%
Kevin CostnerTin Cup
24%
John CusackHigh Fidelity
20.6%
Isabella RosselliniBlue Velvet
19%
Simon PeggRun Fatboy Run
17.5%
Laurence OlivierSleuth
9.2%

You're not logged in!

Compare scores with friends on all Sporcle quizzes.
Sign Up with Email
OR
Log In

You Might Also Like...

Show Comments

Extras

Top Quizzes Today


Score Distribution

Your Account Isn't Verified!

In order to create a playlist on Sporcle, you need to verify the email address you used during registration. Go to your Sporcle Settings to finish the process.